00488nam a22001577a 450000500170000001000150001702000110003203500140004303700090005708200150006624500840008126000290016527000820019430000200027670000340029620250723111556.0 aENG-146075 c150.00 aEN-129607 bDBAD a301.15421 aMahatma Gandhi:cTransalated By Anandaprasad RoybIn Quest of Communal Harmony/ aKolkatabSahityikac2021 aAnanda Niketan 202/2, Shri Ramkrishna Sarani New BarrackporebKolkatae700131 a196p.c22cm(pb) aRoy, AnandaprasadeTranslator